书目信息 |
| 题名: |
电子与离子变换器
|
|
| 作者: | 卡加诺夫 著 ;清华大学电真空器件教研组 译 | |
| 分册: | 第二卷 离子仪器 | |
| 出版信息: | 北京 高等教育出版社 1958 |
|
| 页数: | 442页 | |
| 开本: | 20cm | |
| 丛书名: | ||
| 单 册: | ||
| 中图分类: | TN624 | |
| 科图分类: | ||
| 主题词: | 微波传播--控制元件 | |
| 电子资源: | ||
| ISBN: | ||
| 000 | 00895nam0 2200253 45 | |
| 001 | 0405180942 | |
| 005 | 20040518093124.9 | |
| 010 | @b精装@dCNY2.40 | |
| 091 | @a15010.623 | |
| 100 | @a20040518d1958 km y0chiy0120 ea | |
| 101 | 0 | @achi@crus |
| 105 | @a z 000yy | |
| 200 | 1 | @a电子与离子变换器@ADian Zi Yu Li Zi Bian Huan Qi@e工业电子学原理@h第二卷@i离子仪器@EGong Ye Dian Zi Xue Yuan Li@f(苏)卡加诺夫著@F(Su)Ka Jia Nuo Fu Zhu@g清华大学电真空器件教研组译 |
| 210 | @a北京@c高等教育出版社@d1958 | |
| 215 | @a442页@d20cm | |
| 300 | @a高等学校教学用书 | |
| 517 | @a工业电子学原理@AGong Ye Dian Zi Xue Yuan Li | |
| 517 | @a离子仪器@ALi Zi Yi Qi | |
| 606 | 0 | @a微波传播@x控制元件 |
| 690 | @aTN624@v3 | |
| 701 | 0 | @a卡加诺夫@4著 |
| 712 | 02 | @a清华大学电真空器件教研组@AQing Hua Da Xue Dian Zhen Kong Qi Jian Jiao Yan Zu@4译 |
| 801 | @aCN@bTSTCL@c20040518 | |
| 905 | @f1@b16162@dTN624@e2 | |
| 电子与离子变换器:工业电子学原理.第二卷.离子仪器/(苏)卡加诺夫著/清华大学电真空器件教研组译.-北京:高等教育出版社,1958 |
| 442页;20cm |
| 高等学校教学用书 |
| ISBN (精装):CNY2.40 |
| ● |
| 相关链接 |
|
|
|
|
正题名:电子与离子变换器
索取号:TN624/2
 
预约/预借
| 序号 | 登录号 | 条形码 | 馆藏地/架位号 | 状态 | 备注 |
| 1 | 0016162 | 001348205 | 第二样本阅览室/ [索取号:TN624/2] | 在馆 |